النظام القانوني لعقد التأمين الإلزامي من المسؤولية المدنية الناجمة عن استعمال المركبات : دراسة مقارنة / (رقم التسجيلة. 113195)

تفاصيل مارك
000 -LEADER
fixed length control field 00756nam a22001937a 4500
005 - DATE AND TIME OF LATEST TRANSACTION
control field 20251108174609.0
008 - FIXED-LENGTH DATA ELEMENTS--GENERAL INFORMATION
fixed length control field 250721s2008 xx 000 0 ara d
082 14 - DEWEY DECIMAL CLASSIFICATION NUMBER
Classification number 344.02/عسا
100 1# - MAIN ENTRY--PERSONAL NAME
Personal name عساف، سمر عبد القادر
Relator term مؤلف
245 10 - TITLE STATEMENT
Title النظام القانوني لعقد التأمين الإلزامي من المسؤولية المدنية الناجمة عن استعمال المركبات : دراسة مقارنة /
264 1# - PRODUCTION, PUBLICATION, DISTRIBUTION, MANUFACTURE, AND COPYRIGHT NOTICE
Place of production, publication, distribution, manufacture عمان :
Name of producer, publisher, distributor, manufacturer دار الراية للنشر و التوزيع،
Date of production, publication, distribution, manufacture, or copyright notice 2008.
300 ## - PHYSICAL DESCRIPTION
Extent 178 ص.
650 17 - SUBJECT ADDED ENTRY--TOPICAL TERM
Topical term or geographic name as entry element التامين
650 17 - SUBJECT ADDED ENTRY--TOPICAL TERM
Topical term or geographic name as entry element المركبات
650 17 - SUBJECT ADDED ENTRY--TOPICAL TERM
Topical term or geographic name as entry element وسااط النقل
650 17 - SUBJECT ADDED ENTRY--TOPICAL TERM
Topical term or geographic name as entry element تامين المركبات الآليه
942 ## - ADDED ENTRY ELEMENTS (KOHA)
Source of classification or shelving scheme Dewey Decimal Classification
Koha item type كتب
المقتنيات
حالة السحب حالة الفقدان مصدر التصنيف حالة التلف غير قابل للإعارة المكتبة الرئيسية المكتبة الحالية موقع الرف تاريخ التزويد الرقم المتسلسل Total Checkouts رقم الإستدعاء الباركود تاريخ آخر ظهور تاريخ الفاتورة نوع المادة (كوها)
Withdrawn   Dewey Decimal Classification     المكتبة المركزية المكتبة المركزية الإعارة 25/10/2016 1628991   344.02/عسا PLD00397024 28/07/2025 25/10/2016 كتب
    Dewey Decimal Classification     مكتبة أبو علندا العامة مكتبة أبو علندا العامة الإعارة 26/07/2008 1209143   344.02/عسا PLD00030872 28/07/2025 26/07/2008 كتب
    Dewey Decimal Classification     مكتبة أم قصير والمقابلين العامة مكتبة أم قصير والمقابلين العامة الإعارة 26/07/2008 1209142   344.02/عسا PLD00030871 28/07/2025 26/07/2008 كتب
    Dewey Decimal Classification     مكتبة الأميرة ايمان العامة مكتبة الأميرة ايمان العامة الإعارة 26/07/2008 1209134   344.02/عسا PLD00030863 28/07/2025 26/07/2008 كتب
    Dewey Decimal Classification     مكتبة الاميرة بديعة مكتبة الاميرة بديعة الإعارة 26/07/2008 1209137   344.02/عسا PLD00030866 28/07/2025 26/07/2008 كتب
    Dewey Decimal Classification     مكتبة الجويدة مكتبة الجويدة الإعارة 26/07/2008 1209138   344.02/عسا PLD00030867 28/07/2025 26/07/2008 كتب
    Dewey Decimal Classification     مكتبة الحسن العامة مكتبة الحسن العامة الإعارة 26/07/2008 1209139   344.02/عسا PLD00030868 28/07/2025 26/07/2008 كتب
    Dewey Decimal Classification     مكتبة النصر العامة مكتبة النصر العامة الإعارة 26/07/2008 1209145   344.02/عسا PLD00030873 28/07/2025 26/07/2008 كتب
    Dewey Decimal Classification     مكتبة حمزة العامة مكتبة حمزة العامة الإعارة 26/07/2008 1209140   344.02/عسا PLD00030869 28/07/2025 26/07/2008 كتب
    Dewey Decimal Classification     مكتبة صويلح العامة مكتبة صويلح العامة الإعارة 26/07/2008 1209135   344.02/عسا PLD00030864 28/07/2025 26/07/2008 كتب
    Dewey Decimal Classification     مكتبة وادي السير العامة مكتبة وادي السير العامة الإعارة 26/07/2008 1209144   344.02/عسا PLD00030874 28/07/2025 26/07/2008 كتب
Implemented & Customized by: BBB with SCIT (Smart Chains for Information Technology)

Powered by Koha